[Event "Arica 3rd"]
[Site "Arica"]
[Date "2016.07.11"]
[Round "2.7"]
[White "Barria Yaitul, Armin"]
[Black "Perez Gormaz, Matias Ariel"]
[Result "0-1"]
[WhiteElo "2060"]
[BlackElo "2441"]
[PlyCount "80"]
[EventDate "2016.07.10"]
[EventType "swiss"]
[EventRounds "10"]
[EventCountry "CHI"]
[SourceTitle "EXT 2024"]
[Source "ChessBase"]
[SourceDate "2023.10.10"]
[SourceVersion "1"]
[SourceVersionDate "2023.10.10"]
[SourceQuality "1"]

1. d4 Nf6 2. c4 e6 3. Nf3 b6 4. a3 c5 5. Nc3 cxd4 6. Nxd4 Bb7 7. Bf4 a6 8. Qc2 d6 9. Bg5 Nbd7 10. e4 Be7 11. Be2 Qc7 12. 0-0 Rc8 13. Rfd1 h6 14. Be3 0-0 15. Rac1 Ne5 16. f3 Qb8 17. Qb3 Ba8 18. Na4 Bd8 19. h3 Kh8 20. Qb4 Bc7 21. Qe1 Ng6 22. Qf2 d5 23. cxd5 exd5 24. Bxa6 Bh2+ 25. Kh1 Rxc1 26. Rxc1 dxe4 27. Nc6 Qd6 28. Nd4 exf3 29. Nxf3 Ne4 30. Qe1 Ng3+ 31. Kxh2 Ne2+ 32. Kh1 Nxc1 33. Bxc1 Bxf3 34. gxf3 Qd7 35. Nc3 Qxh3+ 36. Kg1 Nh4 37. Qe2 Qg3+ 38. Kf1 Qh3+ 39. Ke1 Nxf3+ 40. Kd1 Rd8+ 0-1

[Event "Antofagasta Zicosur op 2nd"]
[Site "Antofagasta"]
[Date "2016.01.08"]
[Round "6"]
[White "Barria Yaitul, Armin"]
[Black "Sanchez Sandoval, Gonzalo"]
[Result "0-1"]
[WhiteElo "2045"]
[BlackElo "2247"]
[PlyCount "100"]
[EventDate "2016.01.05"]
[EventType "swiss"]
[EventRounds "9"]
[EventCountry "CHI"]
[SourceTitle "CBM 170 Extra"]
[Source "ChessBase"]
[SourceDate "2016.02.25"]
[SourceVersion "1"]
[SourceVersionDate "2016.02.25"]
[SourceQuality "1"]

1. d4 Nf6 2. c4 e6 3. Nf3 c5 4. e3 cxd4 5. exd4 Bb4+ 6. Bd2 Bxd2+ 7. Nbxd2 0-0 8. Bd3 d6 9. 0-0 Nbd7 10. Qc2 b6 11. Ng5 h6 12. Nge4 Nxe4 13. Nxe4 Nf6 14. Nxf6+ Qxf6 15. Bh7+ Kh8 16. Be4 Rb8 17. Rfd1 Bd7 18. Qe2 Rbc8 19. Rac1 Rc7 20. Rc3 Rfc8 21. Rf3 Qe7 22. Bd3 Bc6 23. Rg3 Qh4 24. Qe3 Qf6 25. Re1 g5 26. b4 b5 27. cxb5 Bd5 28. a4 Rc3 29. a5 R8c4 30. Qe2 Rxb4 31. Be4 Rxg3 32. hxg3 Bxe4 33. Qxe4 Qxd4 34. Qb7 Kg7 35. b6 Rb2 36. Rf1 axb6 37. a6 Ra2 38. a7 Qa4 39. Qxb6 d5 40. Qc7 Qxa7 41. Qe5+ Kg6 42. Qh8 Qa8 43. Qd4 Qd8 44. Qd3+ Kg7 45. f4 Qb6+ 46. Kh2 Qb2 47. Rg1 gxf4 48. gxf4 Qf2 49. Qh3 Qxf4+ 50. Kh1 Rf2 0-1

[Event "Buenos Aires U2200 1st"]
[Site "Buenos Aires"]
[Date "2015.02.15"]
[Round "3.2"]
[White "Barria Yaitul, Armin"]
[Black "Garcia Lemos, Federico"]
[Result "0-1"]
[WhiteElo "2054"]
[BlackElo "2154"]
[PlyCount "58"]
[EventDate "2015.02.14"]
[EventType "swiss"]
[EventRounds "7"]
[EventCountry "ARG"]
[SourceTitle "EXT 2024"]
[Source "ChessBase"]
[SourceDate "2023.10.10"]
[SourceVersion "1"]
[SourceVersionDate "2023.10.10"]
[SourceQuality "1"]

1. d4 Nf6 2. c4 e6 3. Nf3 b6 4. a3 Bb7 5. Nc3 d5 6. Bg5 Be7 7. e3 0-0 8. Bxf6 Bxf6 9. cxd5 exd5 10. b4 c5 11. bxc5 bxc5 12. Qb3 Qa5 13. Be2 cxd4 14. exd4 Nd7 15. 0-0 Nb6 16. Rac1 Be7 17. Bd3 Qxa3 18. Qb1 g6 19. Nb5 Qb4 20. Rc7 Ba6 21. Ne5 Qxb1 22. Rxb1 Bxb5 23. Rxe7 Bxd3 24. Nxd3 Rfe8 25. Rc7 Kf8 26. Ne5 Re7 27. Rbc1 f6 28. Rxe7 Kxe7 29. Rc7+ Kd8 0-1

[Event "Pereyra Puebla Memorial 06th"]
[Site "Mendoza"]
[Date "2007.12.16"]
[Round "3"]
[White "Obregon, Carlos Andres"]
[Black "Barria Yaitul, Armin"]
[Result "1-0"]
[WhiteElo "2355"]
[BlackElo "2074"]
[PlyCount "65"]
[EventDate "2007.12.14"]
[EventType "swiss"]
[EventRounds "9"]
[EventCountry "ARG"]
[SourceTitle "CBM 121 Extra"]
[Source "ChessBase"]
[SourceDate "2008.01.10"]
[SourceVersion "1"]
[SourceVersionDate "2008.01.10"]
[SourceQuality "1"]

1. e4 e5 2. Nc3 Nf6 3. g3 d5 4. exd5 Nxd5 5. Bg2 Be6 6. Nf3 Nc6 7. Qe2 Bd6 8. d3 0-0 9. Ng5 Nd4 10. Nxe6 fxe6 11. Qd1 Nb4 12. 0-0 Nbxc2 13. Rb1 c6 14. a3 Qe8 15. Bd2 a5 16. Rc1 Nxa3 17. bxa3 Bxa3 18. Rb1 b5 19. Ne2 a4 20. Nxd4 exd4 21. Qc2 Ra6 22. Rfe1 Qf7 23. f4 Bd6 24. Qb2 a3 25. Qxd4 Bc7 26. Qc3 Rd8 27. Kh1 a2 28. Ra1 e5 29. fxe5 Ba5 30. Qc2 Bxd2 31. e6 Qf2 32. e7 Re8 33. Rf1 1-0